IKT podpora zavedenia systému balanced scorecard na Slovensku
Definovanie Balanced Scorecard a jeho základných atribútov. Genéza Balanced Scorecard. Výskum implementácie BSC na Slovensku.
Na minha lista:
| Autor principal: | |
|---|---|
| Outros Autores: | |
| Formato: | Capítulo de Livro |
| Idioma: | eslovaco |
| Assuntos: | |
| Tags: |
Sem tags, seja o primeiro a adicionar uma tag!
|
MARC
| LEADER | 00000naa a2200000 4500 | ||
|---|---|---|---|
| 001 | 0181240 | ||
| 005 | 20231128131657.5 | ||
| 041 | 0 | |a slo | |
| 044 | |a CZ | ||
| 245 | 1 | 0 | |a IKT podpora zavedenia systému balanced scorecard na Slovensku |c Jozef Glova, Beáta Gavurová |
| 520 | |a Definovanie Balanced Scorecard a jeho základných atribútov. Genéza Balanced Scorecard. Výskum implementácie BSC na Slovensku. | ||
| 610 | 2 | 0 | |a metóda BSC |
| 610 | 2 | 0 | |a technológie informačné |
| 610 | 2 | 0 | |a technológie komunikačné |
| 610 | 2 | 0 | |a Slovensko |
| 610 | 2 | 0 | |a história |
| 610 | 2 | 0 | |a riadenie podnikové |
| 100 | 1 | |a Glova, Jozef | |
| 700 | 1 | |a Gavurová, Beáta, 1972- | |